000 00455nam a22001697a 4500
003 BD-ChCU
005 20251113125234.0
008 251113b bg ||||| |||| 00| 0 ben d
040 _cBD-ChCU
082 _a511.8 SNE
100 _aSnyder, Lewellyn R.
_916127
245 _aEssential business mathematics.//
_cLewellyn R. Snyder.
260 _aNew York
_bMcGraw-Hill
_c1967
300 _axi, 552p
650 0 _aMathematics.
_916129
942 _2ddc
_cBK
_n0
999 _c109429
_d109429